| 000 | 00563nam a2200193 a 4500 | ||
|---|---|---|---|
| 005 | 20140310183547.0 | ||
| 008 | 110928s19uu xx 00 eng d | ||
| 020 | _a9780340928387 | ||
| 050 |
_aGV 944.2 _b.B863St 2008 |
||
| 100 | _aBroadbent, Paul | ||
| 245 |
_aMaster the game : _bStriker / _cPaul Broadbent and Andrew Allen. |
||
| 260 |
_aUnited Kingdom : _bHodder Education, _c2008. |
||
| 300 |
_a278 p. : _bill. ; _c21 cm. |
||
| 440 | _aMaster The Game | ||
| 650 |
_aSoccer _xStriker |
||
| 700 | _aAllen, Andrew | ||
| 942 |
_cBK _2lcc _kFOR |
||
| 999 |
_c24899 _d24899 |
||